000 00568nam a2200229Ia 4500
003 OSt
005 20220924144544.0
006 a|||||r|||| 00| 0
007 ta
008 220923b |||||||| |||| 00| 0 urd d
024 _a315694
037 _cTextual
040 _aARTS
_cARTS
_burd
041 _2urd
_aurd
082 _aO168,1NSAJx, N0
100 _aSajid Hameed
_9217883
245 0 _aNafi zarb-e-Nafi
260 _c1990
650 _aURDU POETRY
942 _hO168,1NSAJx, N0
_cTEXL
_2CC
999 _c457446
_d457446